000 004770000a22001810004500
001 001941
003 MACL
005 20150705142558.0
008 150705b xxu||||| |||| 00| 0 eng d
040 _aMACL
_cMACL
041 _aEnglish
100 _aRoy, Krishna
_9855
245 _aFusion of Horizons
_bSocio Spiritual Heritage of India
_cKrishna Roy
260 _aAllied Publishers,
_c2000
_bNew Delhi
350 _a500
650 _aSocial Science
_929
942 _k301
_cBK
_2ddc
999 _c13857
_d13857